000 00354cam a22001217a 4500
008 180718b xxu||||| |||| 00| 0 eng d
082 _aY11x5421 Sh13
100 _aShafi, Muhammad
245 _aLand utilization in eastern Uttar Pradesh
_cby Muhammad Shafi
260 _aAligarh
_bThe Department of Geography
_c
300 _a280p.
650 _aLand utilization
999 _c436696
_d436696